000 00642nas a2200217 4500
001 BR9511499
003 BR-BrBNA
005 20231205095611.0
007 ta
008 230509b bl.|||p| |||| 00| 00por d
040 _aBR-BrBNA
_bpor
_cBiblioteca Nacional de Agricultura
041 _a(Pt)
072 _aF50
100 1 _aAnon.
245 1 _aRoma reproduz-se por semente e melhor ainda por muda ou alporquia
650 _aRoma
650 _aReproducao Vegetal
773 0 _tAgricultura e Pecuaria (Brazil)
_xISSN 0100-249X
_g(May 1974), no. 590 p. 46-47
_wBR9511499
909 _a202311
_bLúcia
_c55
_dLúcia Elande
942 _2AGRIS
_n0
_cANA
999 _c151614
_d151614